| 000 | 00961nam a2200253Ia 4500 | ||
|---|---|---|---|
| 003 | GCL | ||
| 008 | 140319s9999 xx 000 0 ara d | ||
| 040 |
_aGCL / _cGCL |
||
| 082 | 0 | 4 |
_a301.4512 _bم ح |
| 100 | 1 | _aمفوضيةالامم لشؤون اللاجئين | |
| 245 | 1 | 0 |
_aحالة اللاجئين فى العالم 1995 : بحثا عن حلول / _cمفوضيةالامم لشؤون اللاجئين |
| 700 | 1 | _aهول، رايموند | |
| 700 | 1 | _aكريسب, جيف | |
| 260 |
_a[S.N] : _bمركز الاهرام للترجمة والنشر ، _c1996 |
||
| 300 | _a246 ص | ||
| 490 |
_aالهيئة العامة للاستعلامات _v0 |
||
| 650 | 0 | 4 | _aالحرب الاهلية |
| 650 | 0 | 4 | _aاللاجئين |
| 650 | 0 | 4 | _aليبريا, الحرب الاهلية |
| 650 | 0 | 4 | _aالبوسنة والهرسك - اللاجئين |
| 650 | 0 | 4 | _aاوربا - الاقليات |
| 650 | 0 | 4 | _aاسيا - اللاجئين |
| 942 |
_2ddc _cBK |
||
| 999 |
_c34603 _d34603 |
||